| 000 | 00621nam a2200109Ia 4500 | ||
|---|---|---|---|
| 008 | 171212s9999 xx 000 0 und d | ||
| 100 | _aWilliams, Malcolm V.;Martin, Laurie T.;Armstrong, Courtney;Bharmal, Nazleen;Elligers, Julia Joh | ||
| 245 |
_cWilliams, Malcolm V.;Martin, Laurie T.;Armstrong, Courtney;Bharmal, Nazleen;Elligers, Julia Joh _aAssessing the Role of State and Local Public Health in Outreach and Enrollment for Expanded Coverage _bSeven Case Studies from Local and State Health Departments |
||
| 260 |
_bRAND Corporation _c2016 |
||
| 650 | _aBusiness | ||
| 856 | _uhttp://jstor.org/stable/10.7249/j.ctt1d9np9c | ||
| 999 |
_c351771 _d351771 |
||